101 esquemas de maniobra mando y control (Record no. 8796)

MARC details
000 -LEADER
campo de control de longitud fija 00865nam a22002657a 4500
001 - NÚMERO DE CONTROL
campo de control 35201
005 - FECHA Y HORA DE LA ÚLTIMA TRANSACCIÓN
campo de control 20250522045826.0
008 - DATOS DE LONGITUD FIJA--INFORMACIÓN GENERAL
campo de control de longitud fija 5232271991 sp
020 ## - NÚMERO INTERNACIONAL ESTÁNDAR DEL LIBRO
Número Internacional Estándar del Libro 84-329-6707-6
040 ## - FUENTE DE CATALOGACIÓN
Centro catalogador/agencia de origen DO-BaUCT
Lengua de catalogación spa
Normas de descripción aacr
041 0# - CÓDIGO DE IDIOMA
Código de lengua del texto/banda sonora o título independiente spa
082 0# - NÚMERO DE LA CLASIFICACIÓN DECIMAL DEWEY
Número de clasificación 621.46
Número de ítem R1481e3
100 10 - ENTRADA PRINCIPAL--NOMBRE DE PERSONA
Nombre de persona Ramírez Vázquez, José
Término indicativo de función/relación [autor]
245 14 - MENCIÓN DEL TÍTULO
Título 101 esquemas de maniobra mando y control
Mención de responsabilidad, etc. José Ramírez Vázquez.
250 ## - MENCION DE EDICION
Mención de edición 3a. Edición
260 3# - PUBLICACIÓN, DISTRIBUCIÓN, ETC.
Lugar de publicación, distribución, etc. Barcelona, España :
Nombre del editor, distribuidor, etc. Ediciones CEAC
Fecha de publicación, distribución, etc. 1991
300 ## - DESCRIPCIÓN FÍSICA
Extensión 223 páginas ;
Otros detalles físicos Ilustraciones ;
Dimensiones 30 cm
336 ## - TIPO DE CONTENIDO
Fuente rdacontent
Término de tipo de contenido texto
Código de tipo de contenido txt
337 ## - TIPO DE MEDIO
Fuente rdamedia
Nombre/término del tipo de medio sin mediación
Código del tipo de medio n
338 ## - TIPO DE SOPORTE
Fuente rdacarrier
Nombre/término del tipo de soporte volumen
Código del tipo de soporte nc
490 0# - MENCIÓN DE SERIE
Mención de serie Esquemas CEAC de Electricidad
505 ## - NOTA DE CONTENIDO CON FORMATO
Nota de contenido con formato Incluye Índices
650 #4 - PUNTO DE ACCESO ADICIONAL DE MATERIA--TÉRMINO DE MATERIA
Término de materia o nombre geográfico como elemento de entrada Máquinas Eléctricas -
-- Motores Eléctricas
-- Circutos Eléctricos
Subdivisión general Control
700 1# - ENTRADA AGREGADA--NOMBRE PERSONAL
Nombre de persona Título
Holdings
Estatus retirado Estado de pérdida Estado de daño No para préstamo Colección Biblioteca de origen Biblioteca actual Fecha de adquisición Total de préstamos Signatura topográfica completa Código de barras Visto por última vez Copia número Precio de reemplazo Tipo de ítem Koha
        Acervo general de Libros Biblioteca Central Mons. Favio M. Rivas S. Biblioteca Central Mons. Favio M. Rivas S. 08/01/2024   621.46 000000011794 23/05/2025 1 23/05/2025 Libros